Sports Quiz

Random Sports or NBA Quiz

NBA: Active Career Leaders Quiz Stats

 Plays Quiz not verified by Sporcle

Support Sporcle.
Go Orange.
Score 0/160 Timer 12:00
0 Plays Today
Category NBA Player % Correct
Games PlayedLeBron James
98.2%
3-Point Field GoalsLeBron James
98.2%
Total ReboundsLeBron James
98.2%
Free ThrowsLeBron James
97.9%
PointsLeBron James
97.1%
3-Point Field GoalsStephen Curry
91.6%
PointsRussell Westbrook
90.3%
PointsJames Harden
88.9%
3-Point Field GoalsVince Carter
88.7%
AssistsPau Gasol
88.6%
Games PlayedKyle Korver
87.7%
Free ThrowsDeMar DeRozan
87.5%
Total ReboundsDwight Howard
87.1%
PointsKevin Durant
85.9%
3-Point Field GoalsKevin Durant
85.9%
Free ThrowsKevin Durant
85.9%
StealsCarmelo Anthony
85.2%
PointsChris Paul
85.1%
Free ThrowsChris Paul
85.1%
StealsChris Paul
85.1%
StealsLeBron James
84.8%
AssistsStephen Curry
84.5%
BlocksKevin Durant
84.4%
Free ThrowsLou Williams
84.3%
AssistsLeBron James
84.2%
Games PlayedTyson Chandler
83.6%
Total ReboundsPau Gasol
83.5%
PointsVince Carter
82.8%
AssistsJrue Holiday
82.8%
Free ThrowsLaMarcus Aldridge
82.6%
Games PlayedVince Carter
82.1%
Total ReboundsVince Carter
82.1%
AssistsChris Paul
81.5%
Free ThrowsRussell Westbrook
80.8%
AssistsRussell Westbrook
80.8%
StealsRussell Westbrook
80.8%
Total ReboundsDeAndre Jordan
80.6%
Free ThrowsTony Parker
80.1%
Free ThrowsCarmelo Anthony
79.5%
AssistsVince Carter
77.6%
3-Point Field GoalsKlay Thompson
77.5%
3-Point Field GoalsDamian Lillard
77.4%
PointsLaMarus Aldridge
77.4%
StealsThaddeus Young
77.2%
PointsCarmelo Anthony
76.5%
Total ReboundsCarmelo Anthony
76.5%
PointsDwight Howard
76.4%
Free ThrowsDwight Howard
76.4%
Free ThrowsPau Gasol
76.4%
AssistsTony Parker
76.2%
BlocksPau Gasol
75.7%
BlocksDwight Howard
75.1%
Free ThrowsVince Carter
74.9%
StealsVince Carter
74%
Category NBA Player % Correct
3-Point Field GoalsJames Harden
73.8%
Free ThrowsJames Harden
73.8%
Games PlayedPau Gasol
72.9%
PointsPau Gasol
72.9%
BlocksMarc Gasol
72.9%
Free ThrowsDeMarcus Cousins
72.8%
StealsMike Conley
72.4%
Games PlayedAndre Iguodala
72.3%
PointsStephen Curry
72.3%
3-Point Field GoalsJ.J. Redick
70.7%
3-Point Field GoalsChris Paul
70.5%
Total ReboundsKevin Durant
70.3%
Total ReboundsDeMarcus Cousins
69.5%
AssistsJames Harden
69.5%
StealsTony Parker
69.3%
Free ThrowsDamian Lillard
68.7%
PointsDeMar DeRozan
68.3%
StealsStephen Curry
68.3%
AssistsMike Conley
68.2%
Games PlayedTony Parker
67.9%
PointsTony Parker
67.9%
3-Point Field GoalsTrevor Ariza
66.4%
Games PlayedCarmelo Anthony
66.1%
Total ReboundsAl Horford
65.5%
StealsJames Harden
64.2%
BlocksDeAndre Jordan
64.1%
BlocksLeBron James
63.9%
3-Point Field GoalsKyle Lowry
63.4%
AssistsRajon Rondo
63.1%
StealsRajon Rondo
63.1%
Games PlayedChris Paul
62.4%
StealsPaul George
61.8%
3-Point Field GoalsJamal Crawford
61.6%
3-Point Field GoalsKyle Korver
61.5%
Free ThrowsKevin Love
60.1%
BlocksAnthony Davis
59.3%
StealsPaul Millsap
59.2%
Total ReboundsNene Hilario
59%
3-Point Field GoalsJ.R. Smith
58.6%
AssistsJohn Wall
58.2%
Games PlayedDwight Howard
56.8%
Total ReboundsMarcin Gortat
56.8%
Games PlayedLaMarcus Aldridge
56.7%
3-Point Field GoalsEric Gordon
56.7%
Free ThrowsKyle Lowry
56.6%
Total ReboundsLaMarcus Aldridge
56.4%
Total ReboundsAndre Drummond
55.8%
PointsRudy Gay
55.1%
Total ReboundsKevin Love
54.8%
Total ReboundsPaul Millsap
54.2%
BlocksMarcin Gortat
54%
BlocksLaMarcus Aldridge
53.7%
PointsPaul Millsap
53.3%
PointsAndre Iguodala
52.4%
Category NBA Player % Correct
AssistsJeff Teague
51.7%
PointsLou Williams
51.1%
Games PlayedDevin Harris
50%
BlocksJaVale McGee
48.7%
Games PlayedJamal Crawford
48.3%
PointsJamal Crawford
48.3%
Free ThrowsJamal Crawford
48.3%
AssistsJamal Crawford
48.3%
StealsJamal Crawford
48.3%
AssistsKyle Lowry
48.1%
BlocksVince Carter
47.8%
BlocksAl Horford
47.5%
StealsRaymond Felton
47.3%
Total ReboundsTyson Chandler
47.1%
StealsNene Hilario
46%
BlocksSerge Ibaka
45%
Free ThrowsPaul Millsap
44.9%
PointsBlake Griffin
44.8%
BlocksBrook Lopez
44.6%
BlocksPaul Millsap
43.2%
StealsKyle Lowry
42.8%
Games PlayedJ.R. Smith
42.1%
Free ThrowsBlake Griffin
41.6%
PointsLuol Deng
41.5%
3-Point Field GoalsCarmelo Anthony
41.1%
Games PlayedMarvin Williams
38.8%
Games PlayedZaza Pachulia
38.7%
Total ReboundsJoakim Noah
37.7%
BlocksRudy Gobert
37.6%
StealsRudy Gay
37.3%
Total ReboundsAndrew Bogut
36.7%
BlocksAndrew Bogut
36.7%
3-Point Field GoalsKemba Walker
35.9%
BlocksRobin Lopez
35.5%
Games PlayedPaul Millsap
35%
Total ReboundsMarc Gasol
34.3%
3-Point Field GoalsPaul George
33.5%
AssistsRicky Rubio
32.7%
Total ReboundsZaza Pachulia
30.7%
StealsTrevor Ariza
27.2%
AssistsDevin Harris
26.8%
BlocksTyson Chandler
26.7%
3-Point Field GoalsRyan Anderson
25.2%
BlocksJoakim Noah
25.1%
AssistsAndre Iguodala
22.8%
StealsAndre Iguodala
22.8%
Games PlayedTrevor Ariza
21.6%
Games PlayedNene Hilario
20.7%
AssistsJose Calderon
19.1%
AssistsRaymond Felton
16.5%
3-Point Field GoalsWesley Matthews
16.2%
Games PlayedRaymond Felton
9.1%

You're not logged in!

Compare scores with friends on all Sporcle quizzes.
OR
Log In

From the Vault

Profile: Katniss Everdeen

by sproutcm

You don't want to get on her bad side.
Remove Ads.
Support Sporcle.
Get the best of Sporcle when you Go Orange. This ad-free experience offers more features, more stats, and more fun while also helping to support Sporcle. Thank you for becoming a member.

Show Comments

Extras

Top Quizzes Today


Score Distribution

Your Account Isn't Verified!

In order to create a playlist on Sporcle, you need to verify the email address you used during registration. Go to your Sporcle Settings to finish the process.

Report this User

Report this user for behavior that violates our Community Guidelines.

Details: